| 000 | 00695nam a22002177a 4500 | ||
|---|---|---|---|
| 010 | _aA-999998 | ||
| 020 |
_a8174961690 _c725.00 |
||
| 035 | _aA-999998 | ||
| 037 | _bCen Lib / Ret | ||
| 040 |
_aDPL _bEN |
||
| 082 |
_a332.64254 _bIYE |
||
| 100 | _aIyer, V. L. | ||
| 245 |
_aTaxmann's SEBI practice manual / _cby V. L. Iyer |
||
| 260 |
_aDelhi _bTaxmann Allied Services _c1999 |
||
| 270 |
_a59/32 New Rohtak road _bNew Delhi |
||
| 300 |
_a1055p _c24cm(Hb) |
||
| 650 | _aSecurities -- India. | ||
| 650 | _aCapital market -- Law and legislation -- India. | ||
| 650 | _aSecurities and Exchange Board of India -- Rules and practice. | ||
| 942 |
_2ddc _cEN _h332.64254 _mAYE |
||
| 999 |
_c136922 _d136922 |
||